| 000 | 00641nam a22002297a 4500 | ||
|---|---|---|---|
| 999 |
_c33485 _d33485 |
||
| 001 | 2720 | ||
| 003 | CO-MdFUSB | ||
| 005 | 20171117100310.0 | ||
| 008 | 171117t1972 sp ||||| |||| 00| 0 spa d | ||
| 040 |
_aCO-MdFUSB _bspa _cCO-MdFUSB _dCO-MdFUSBC _erda |
||
| 041 | 0 | _aspa | |
| 082 | 0 | 4 | _aG 225.924 S7826w |
| 100 | 1 |
_aStalker, James (1848-1927) _eautor |
|
| 245 | 0 |
_aVida de San Pablo _c/ James Stalker |
|
| 264 | 4 |
_aMiami, FL., USA : _bCaribe, _c©1972 |
|
| 300 | _a160 Pag | ||
| 336 |
_2rdacontent _atexto _btxt |
||
| 337 |
_2rdamedia _asin mediación _bn |
||
| 338 |
_2rdacarrier _avolumen _bnc |
||
| 653 | _aPablo (apóstol) | ||
| 942 | _cBK | ||